| 000 | 00921nam a2200301 a 4500 | ||
|---|---|---|---|
| 001 | 2533331 | ||
| 005 | 20170619150146.0 | ||
| 008 | 930823s1993 enka b 001 0 eng d | ||
| 010 | _a 93195311 | ||
| 020 | _a1853461970 | ||
| 035 | _a(OCoLC)28435249 | ||
| 040 |
_aViNeC _cViNeC _dDLC |
||
| 042 | _alccopycat | ||
| 043 | _ae-uk--- | ||
| 050 | 0 | 0 |
_aLB1576 _b.J23 1993 |
| 082 | 0 | 0 |
_a372.6/0941 _220 |
| 100 | 1 | _aJackson, Margaret. | |
| 245 | 1 | 0 |
_aLiteracy / _cMargaret Jackson. |
| 260 |
_aLondon : _bDavid Fulton Publishers, _c1993. |
||
| 300 |
_a170 p. : _bill. ; _c23 cm. |
||
| 440 | 0 | _aPrimary curriculum series | |
| 650 | 0 |
_aLanguage arts (Elementary) _zGreat Britain. |
|
| 650 | 0 |
_aReading (Elementary) _zGreat Britain. |
|
| 650 | 0 |
_aLiteracy _zGreat Britain. |
|
| 906 |
_a7 _bcbc _ccopycat _d3 _encip _f19 _gy-gencatlg |
||
| 942 | _2ddc | ||
| 999 |
_c63954 _d63928 |
||